|
|
|
|
| LEADER |
00000ntmaa2200000 a 4500 |
| 001 |
vtls011985426 |
| 003 |
SK-MaSNL |
| 005 |
20260302093731.0 |
| 008 |
251021i1762 xo a || 001 1 lat |
| 035 |
|
|
|a urn:nbn:sk:snk-tm00fj0n
|
| 035 |
|
|
|a urn:nbn:sk:snk-tm3n48g
|
| 035 |
|
|
|a DF5D423E-A135-45BA-8CA2-D8AFF57A81A5
|
| 040 |
|
|
|a SNKLA
|b slo
|c SNKLA
|e AACR2
|
| 041 |
0 |
|
|a lat
|
| 044 |
|
|
|a xo
|c SK
|
| 072 |
|
7 |
|a 2
|x Náboženstvo
|2 konspekt
|
| 080 |
|
|
|a 025.171
|2 2011
|
| 080 |
|
|
|a 2-284
|2 2011
|
| 080 |
|
|
|a (048.8)
|2 2011
|
| 100 |
1 |
|
|a Karlovský, Ján,
|d 1721-1794
|4 aut
|9 558495
|
| 245 |
1 |
0 |
|a Johannis Carlowszkii Professoris primum Kesmarkiensis ab Ao 1760. ad 1770. deinde vero Eperiensis Theologiae Dogmaticae, Methodo sistematica conscriptae
|n Tomus 1
|
| 246 |
3 |
8 |
|a Carlovsky. Theologia Dogmatica Tom. I.
|
| 260 |
|
|
|a [Kežmarok]
|c 1762-1764
|
| 300 |
|
|
|a 509 strán v rôznom stránkovaní
|b rukopis, viazaný, ilustrácia
|c 20 cm
|
| 500 |
|
|
|a Na chrbte knihy hore štítok s titulom zlatotlačou, pod ním oranžový štítok s číslom 45 čiernym atramentom
|
| 500 |
|
|
|a Na konci obsah a abecedný index
|
| 520 |
2 |
|
|a Dogmatická teológia profesora a rektora kežmarského lýcea J. Karlovského, 1. zväzok
|
| 555 |
0 |
|
|a Inventár rukopisov Literárneho archívu Matice slovenskej XII. Fondy 61 - 70. Martin : Matica slovenská 1983
|
| 610 |
2 |
7 |
|a Učená spoločnosť malohontská
|2 SNKKA
|9 205374
|
| 610 |
2 |
7 |
|a Evanjelické lýceum v Kežmarku
|2 SNKKA
|9 35953
|
| 610 |
2 |
7 |
|a Verejná knižnica malohontského seniorátu (Rimavská Sobota, Slovensko)
|2 SNKKA
|9 302470
|
| 650 |
0 |
7 |
|a dogmatická teológia
|2 SNKPH
|9 1805
|
| 655 |
|
7 |
|a rukopisy
|2 SNKPH
|9 70548
|
| 655 |
|
7 |
|a monografie
|2 SNKPH
|9 70139
|
| 852 |
|
|
|a Slovenská národná knižnica
|b Literárny archív
|
| 958 |
|
|
|a OF
|
| 958 |
|
|
|a LAVD
|
| 999 |
|
|
|c 1210196
|d 1212126
|
| 952 |
|
|
|a SNKLA
|b SNKLA
|c SNKLA_DEP
|y NEVYP
|7 0
|p 17A1229631
|o snk63 J 5
|0 0
|1 0
|4 0
|d 2020-08-05
|f 1
|l 0
|r 2026-02-24 23:10:31
|w 2026-02-24
|